| 000 | 00449nam a2200169 i 4500 | ||
|---|---|---|---|
| 001 | 95604 | ||
| 003 | ES-MaACL | ||
| 005 | 20230906181735.0 | ||
| 007 | t| | ||
| 008 | 050601s1972 sp ||||1| cat d | ||
| 100 | 1 |
_aLlompart, Josep M. _972812 |
|
| 245 | 1 | 0 |
_aPoemes de Mondragó / _cJosep María Llompart. |
| 250 | _a[2ª ed.]. | ||
| 260 |
_aMallorca : _bMoll, _c1972. |
||
| 300 |
_a74 p., 3 h. ; _c17 cm. |
||
| 852 |
_aES-MaACL _jC-44364 _bR.81730 |
||
| 999 |
_c95604 _d95604 |
||